LEADER 01953nam a2200301 4500 001 000000339422 003 CaOOAMICUS 005 20200213100422.0 008 200213s1819 it 000 u ita r 040 $aSeMil$bita 100 11$aTissot, Samuel Auguste André David,$d<1728-1797>.$0(OLS)http://semarc/name/110966 245 00$aAvvertimenti al popolo sopra la sua salute del sig. Tissot ... Opera dalla francese nell'italiana favella recata, e di alcune annotazioni arricchita dal dott. Giampietro Pellegrini ... Aggiuntovi il saggio sullo scorbuto di mare del signor Addington ... Tomo 1. [-4.]. 250 $aSesta edizione accresciuta, ed illustrata dal dott. Carlo Gandini 264 1$aIn Milano :$bPresso Pietro Agnelli in Santa Margarita,$c1819. 300 $a4 v. ;$c12° 650 4$aSalute.$0(OLS)http://semarc/subject/6389 700 1 $aPellegrini, Giampietro.$0(OLS)http://semarc/name/110972 700 1 $aGandini, Carlo.$0(OLS)http://semarc/name/110973 700 1 $aAddington, Anthony.$0(OLS)http://semarc/name/110974 700 1 $aAgnelli, Pietro,$c.$0(OLS)http://semarc/name/2823 774 0 $tTomo 1.$dIn Milano : Presso Pietro Agnelli in Santa Margarita, 1819.$w()339424 774 0 $tTomo 2.$dIn Milano : Presso Pietro Agnelli in Santa Margarita, 1819.$w()339425 774 0 $tTomo 3.$dIn Milano : Presso Pietro Agnelli in Santa Margarita, 1819.$w()339426 774 0 $tTomo 4.$dIn Milano : Presso Pietro Agnelli in Santa Margarita, 1819.$w()339427 941 1 $a10 996 $6245$aAvvertimenti al popolo sopra la sua salute del sig. Tissot ... Opera dalla francese nell'italiana favella recata, e di alcune annotazioni arricchita dal dott. Giampietro Pellegrini ... Aggiuntovi il saggio sullo scorbuto di mare del signor Addington ... Tomo 1. [-4.]$9(OLS)http://semarc/title/428233 996 $6264$aIn Milano :$bPresso Pietro Agnelli in Santa Margarita$9(OLS)http://semarc/publisher/55503 LEADER 01044nam a2200193 i 4500 001 000000023583 003 CaOOAMICUS 005 20180830125446.0 008 180830s1956 it u000 u ita u 040 $aSeMil$bita 100 1 $aBroutin, Paul,$c.$0(OLS)http://semarc/name/10503 245 13$aLa réforme pastorale en France au 17. siècle :$brecherches sur la tradition pastorale après le Concile de Trente /$cPaul Broutin. 260 $aTournai :$bDesclée & Cie,$c1956. 300 $a2 v. ;$c24 cm. 773 0 $tBibliothèque de théologie. Série 2, Théologie morale.$dTournai (Belg.) : Desclée & Cie, copyr. 1954.$w()23582 774 0 $t1.$kBibliothèque de théologie. Série 2, Théologie morale$g1$w()52150 774 0 $t2.$kBibliothèque de théologie. Série 2, Théologie morale$g2$w()186998 996 $6245$aLa réforme pastorale en France au 17. siècle :$brecherches sur la tradition pastorale après le Concile de Trente$9(OLS)http://semarc/title/31629 996 $6260$aTournai :$bDesclée & Cie$9(OLS)http://semarc/publisher/35956